Представление документа в формате RUSMARC

ПолеНазваниеЗначение
  Тип записи a
  Библиографический уровень a
001 Контрольный номер RU/CBS_UL/BASE/cfc11a4106c54a93b44cd45ee7a03051
005 Дата корректировки 20240430155647.9
100 Данные общей обработки __
a Данные общей обработки 20240430 ||| 0rusy0189 ca
101 Язык документа 0_
a Язык текста rus
102 Страна публикации __
a Страна публикации RU
200 Заглавие и сведения об ответственности 1_
a Заглавие Стать счастливой мамой
e Сведения, относящиеся к заглавию [статья]
f Первые сведения об ответственности Г. Костина
300 Общие примечания __
a Общие примечания 16+
461 Уровень набора _0
1 2000
a Будь здоров! 100 страниц о самом главном
463 Уровень физической единицы _0
1 2000
a № 4
v С. 56-61 : ил.
1 2101
d 2024
1 001RU/CBS_UL/BASE/c68ca41e5fa149a2a44d2488e142838e
606 Тематические рубрики 0_
a Основная рубрика Гинекология
610 Ключевые слова 0_
a Ключевые слова здоровые родители
610 Ключевые слова 0_
a Ключевые слова гормональный фон
610 Ключевые слова 0_
a Ключевые слова гормональный фон женщины
610 Ключевые слова 0_
a Ключевые слова женское гормональное бесплодие
610 Ключевые слова 0_
a Ключевые слова материнство
610 Ключевые слова 0_
a Ключевые слова невынашивание беременности
686 Индексы других классификаций __
2 Код системы rubbk
a Классификационный индекс 57.1
700 Автор _1
a Фамилия Костина
b Имя (инициалы) Г.
801 Источник записи _0
a Страна RU
b Организация МБУК ЦБС г. Ульяновска
c Дата составления 20240430
g Правила каталогизации RCR
801 Источник записи _1
a Страна RU
b Организация МБУК ЦБС г. Ульяновска
c Дата составления 20240430
g Правила каталогизации RCR
901 Тип документа __
t Тип документа b
w Контрольный № источника RU/CBS_UL/BASE/c68ca41e5fa149a2a44d2488e142838e
909 Создатель записи __
a Создатель записи lib17